Ciencia y guerra. El pacto oculto entre la astrofísica y la industria militar.
שמור ב:
| מחבר ראשי: | |
|---|---|
| מחברים אחרים: | |
| פורמט: | ספר |
| שפה: | אנגלית |
| יצא לאור: |
Santiago, Chile
Paidós- Planeta Chilena S.A.,
2020
|
| מהדורה: | Primera edición |
| נושאים: | |
| תגים: |
הוספת תג
אין תגיות, היה/י הראשונ/ה לתייג את הרשומה!
|
MARC
| LEADER | 00000nam a22000007a 4500 | ||
|---|---|---|---|
| 003 | CL-VaPUC | ||
| 005 | 20211005143949.0 | ||
| 008 | 210727b2020 ||||| |||| 00| 0 eng d | ||
| 999 | |c 433389 |d 433387 | ||
| 020 | |a 978-956-9987-25-0 | ||
| 040 | |c Pontificia Universidad Católica de Valparaíso | ||
| 082 | |a 355.00152301 TAY 2020 | ||
| 100 | 1 | |a Tyson, Neil deGrasse |9 862318 | |
| 245 | |a Ciencia y guerra. |b El pacto oculto entre la astrofísica y la industria militar. | ||
| 250 | |a Primera edición | ||
| 260 | |a Santiago, Chile |b Paidós- |b Planeta Chilena S.A., |c 2020 | ||
| 300 | |a 656 páginas | ||
| 500 | |a Donación Prof. Sr. Raúl Rodríguez F., Inst. Literatura Memo 6/2021 21/7/2021 | ||
| 583 | |c 20210727 |k Cristina Rojas | ||
| 650 | |a Ciencia |x Poder militar |9 862973 | ||
| 650 | 0 | |a Astrofísica |9 269137 |y Uso militar | |
| 700 | |a Lang, Avis |9 862319 | ||
| 942 | |2 ddc |c BK | ||
| 952 | |0 0 |1 0 |2 ddc |4 0 |6 355_001523010000000_TAY_2020 |7 0 |8 A |9 578495 |a FDOPOS |b FDOPOS |d 2021-07-27 |i 5622816 |o 355.00152301 TAY 2020 |p 5622816 |r 2025-01-22 |t 1 |w 2021-07-27 |y BK |k DLH | ||